<?xml version="1.0" encoding="UTF-8"?>
<record
    xmlns:xsi="http://www.w3.org/2001/XMLSchema-instance"
    xsi:schemaLocation="http://www.loc.gov/MARC21/slim http://www.loc.gov/standards/marcxml/schema/MARC21slim.xsd"
    xmlns="http://www.loc.gov/MARC21/slim">

  <leader>05908nam a2200517Ia 4500</leader>
  <controlfield tag="001">dia_6688</controlfield>
  <controlfield tag="003">CHAP</controlfield>
  <controlfield tag="005">20240719104936.0</controlfield>
  <controlfield tag="007">ta</controlfield>
  <controlfield tag="008">220601s2017    mx do  frm    001 0 spa d</controlfield>
  <datafield tag="040" ind1=" " ind2=" ">
    <subfield code="a">mxchpua</subfield>
    <subfield code="c">CHAP</subfield>
  </datafield>
  <datafield tag="041" ind1="0" ind2=" ">
    <subfield code="a">spa</subfield>
    <subfield code="b">eng</subfield>
  </datafield>
  <datafield tag="090" ind1=" " ind2=" ">
    <subfield code="a">Tesis </subfield>
    <subfield code="b">G377 </subfield>
    <subfield code="c">2017</subfield>
  </datafield>
  <datafield tag="100" ind1="1" ind2=" ">
    <subfield code="a">Garc&#xED;a Sol&#xED;s, Dora Guadalupe</subfield>
  </datafield>
  <datafield tag="240" ind1="1" ind2="0">
    <subfield code="a">Cold-storage and antifungal coating in mango child (Mangifera indica L.) Ataulfo variety.</subfield>
    <subfield code="l">Espa&#xF1;ol</subfield>
  </datafield>
  <datafield tag="245" ind1="1" ind2="0">
    <subfield code="a">Frigoconservaci&#xF3;n y recubrimiento antif&#xFA;ngico en mango ni&#xF1;o (Mangifera indica L.) variedad Ataulfo / </subfield>
    <subfield code="c">Dora Guadalupe Garc&#xED;a Sol&#xED;s</subfield>
  </datafield>
  <datafield tag="264" ind1=" " ind2=" ">
    <subfield code="a">Chapingo, M&#xE9;xico :</subfield>
    <subfield code="b">El autor,</subfield>
    <subfield code="c">2017</subfield>
  </datafield>
  <datafield tag="300" ind1=" " ind2=" ">
    <subfield code="a">x, 76 hojas :</subfield>
    <subfield code="b">gr&#xE1;ficas, tablas, fotos +</subfield>
    <subfield code="e">1 CD-ROM</subfield>
  </datafield>
  <datafield tag="336" ind1=" " ind2=" ">
    <subfield code="2">rdacontent</subfield>
    <subfield code="a">texto</subfield>
    <subfield code="b">txt</subfield>
  </datafield>
  <datafield tag="337" ind1=" " ind2=" ">
    <subfield code="2">rdamedia</subfield>
    <subfield code="a">no mediado</subfield>
    <subfield code="b">n</subfield>
  </datafield>
  <datafield tag="338" ind1=" " ind2=" ">
    <subfield code="2">rdacarrier</subfield>
    <subfield code="a">volumen</subfield>
    <subfield code="b">nc</subfield>
  </datafield>
  <datafield tag="500" ind1=" " ind2=" ">
    <subfield code="a">El CD contiene reporte</subfield>
  </datafield>
  <datafield tag="502" ind1=" " ind2=" ">
    <subfield code="a">Tesis </subfield>
    <subfield code="b">(Ingeniero Agroindustrial) -- </subfield>
    <subfield code="c">UACh. Departamento de Ingenier&#xED;a Agroindustrial, </subfield>
    <subfield code="d">2017</subfield>
  </datafield>
  <datafield tag="504" ind1=" " ind2=" ">
    <subfield code="a">Bibliograf&#xED;a: hojas 66-75</subfield>
  </datafield>
  <datafield tag="520" ind1="3" ind2=" ">
    <subfield code="a">Los frutos de mango ni&#xF1;o variedad 'Ataulfo' son considerados como frutos climat&#xE9;ricos de buenas caracter&#xED;sticas sensoriales. Su producci&#xF3;n se ha incrementado a consecuencia del cambio clim&#xE1;tico, y con ello, su demanda; sin embargo, son frutos altamente perecederos y muy susceptibles a da&#xF1;o por pat&#xF3;genos. Las principales p&#xE9;rdidas poscosecha se deben al deterioro causado por antracnosis y da&#xF1;os por fr&#xED;o. La aplicaci&#xF3;n de recubrimientos comestibles es considerada como una alternativatecnol&#xF3;gica que permite mejorar las caracter&#xED;sticas fisiol&#xF3;gicas y sensoriales de las frutas y prolongar su periodo poscosecha. En el presente trabajo se evaluaron los efectos antif&#xFA;ngicos y fisiol&#xF3;gicos de un recubrimiento de quitosano adicionado con aceite esencial de mandarina (Citrus reticulata) en mango ni&#xF1;o 'Ataulfo' previamente inoculado con C. gloeosporioides y posteriormente refrigerados. Las variables evaluadas en los frutos fueron: color de la pulpa y de la c&#xE1;scara, pH, &#xBA;Brix, firmeza, acidez titulable (AT), respiraci&#xF3;n, producci&#xF3;n de etanol y acetaldeh&#xED;do, p&#xE9;rdida de peso (%) y da&#xF1;o por antracnosis. Se realiz&#xF3; un an&#xE1;lisis de varianza (ANOVA) bajo un dise&#xF1;o factorial 23, donde los tres factores y sus dos niveles fueron A: temperatura de almacenamiento (22 y 10 &#xB0;C), B: Recubrimiento (con recubrimiento R+ y sin recubrimiento R-) y C: Inoculaci&#xF3;n con C. gloeosporioides (Inoculado I+ y no inoculado I-). Se realiz&#xF3; comparaci&#xF3;n de medias Tukey (?=0.05). Los frutos con recubrimiento mantuvieron valores de firmeza altos y retardaron el cambio de coloraci&#xF3;n de la epidermis y de la pulpa. Los &#xBA;Brix, la acidez titulable, la p&#xE9;rdida de peso y la tasa respiratoria de los frutos con recubrimiento fueron significativamente menores respecto a los frutos sin recubrimiento. Despu&#xE9;s de permanecer 16 d en refrigeraci&#xF3;n y 5 d al medio ambiente, los frutos con recubrimiento completaron el proceso de maduraci&#xF3;n y no presentaron da&#xF1;os por fr&#xED;o. El da&#xF1;o por antracnosis se inhibi&#xF3; en frutos refrigerados y con recubrimiento a los 10 d de almacenamiento. --</subfield>
  </datafield>
  <datafield tag="520" ind1="3" ind2=" ">
    <subfield code="a">The fruit of mango child variety 'Ataulfo' are considered as climacteric fruit with good sensory characteristics. Its production has increased as a result of climate change, and with it, its demand; however, they are highly perishable fruits and very susceptible to damage by pathogens. The main post-harvest losses are due to deterioration caused by anthracnose and cold weather damage. The application of edible coatings is considered as a technological alternative that allows improving the physiological and sensory characteristics of fruits and prolonging their post-harvest period. In the present work the antifungal and physiological effects of a coating of chitosan added with mandarin essential oil (Citrus reticulata) in mango child 'Ataulfo' previously inoculated with C. gloeosporioides and later refrigerated were evaluated. The variables evaluated in the fruit were: pulp and skin color, pH, &#xBA;Brix, firmness, titratable acidity (AT), respiration, ethanol and acetaldehyde production, weight loss (%) and anthracnose damage. An analysis of variance (ANOVA) was carried out under a factorial 23, where the three factors and their two levels were A: storage temperature (22 and 10 &#xB0; C), B: Coating (with R+ coating and without coating R-) and C: Inoculation with C. gloeosporioides (Inoculated I+ and not inoculated I-). Tukey mean comparison was performed (p?0.05). The coated fruit maintained high firmness values and delayed the change of coloration of the epidermis and pulp. The &#xBA;Brix, the titratable acidity, the weight loss and the respiratory rate of the coated fruit were significantly lower compared to uncoated fruit. After remaining 16 d in refrigeration and 5 d at room temperature, the coated fruit completed the ripening process and did not show any damage by cold temperature. Anthracnose damage was inhibited in refrigerated and coated fruits up to 16 d of storage.</subfield>
  </datafield>
  <datafield tag="650" ind1="1" ind2="3">
    <subfield code="a">Mangos</subfield>
    <subfield code="2">atg</subfield>
    <subfield code="x">Quitos&#xE1;n</subfield>
    <subfield code="x">Preservaci&#xF3;n de alimentos  </subfield>
  </datafield>
  <datafield tag="650" ind1="1" ind2="3">
    <subfield code="a">Calidad del producto </subfield>
    <subfield code="2">atg</subfield>
  </datafield>
  <datafield tag="650" ind1="1" ind2="3">
    <subfield code="a">Pel&#xED;cula comestible </subfield>
    <subfield code="2">atg</subfield>
  </datafield>
  <datafield tag="650" ind1="1" ind2="3">
    <subfield code="a">Alimentos refrigerados </subfield>
    <subfield code="2">atg</subfield>
  </datafield>
  <datafield tag="650" ind1="1" ind2="3">
    <subfield code="a">Mangoes</subfield>
    <subfield code="x">Chitosan</subfield>
    <subfield code="x">Food preservation  </subfield>
    <subfield code="2">atg</subfield>
  </datafield>
  <datafield tag="650" ind1="1" ind2="3">
    <subfield code="a">Product quality </subfield>
    <subfield code="2">atg</subfield>
  </datafield>
  <datafield tag="650" ind1="1" ind2="3">
    <subfield code="a">Edible films </subfield>
    <subfield code="2">atg</subfield>
  </datafield>
  <datafield tag="650" ind1="1" ind2="3">
    <subfield code="a">Chilled foods</subfield>
    <subfield code="2">atg</subfield>
  </datafield>
  <datafield tag="700" ind1="1" ind2=" ">
    <subfield code="a">Corrales Garc&#xED;a, Jos&#xE9; Joel Enrique</subfield>
    <subfield code="e">director</subfield>
  </datafield>
  <datafield tag="700" ind1="1" ind2=" ">
    <subfield code="a">Landa Salgado, Patricia</subfield>
    <subfield code="e">asesora</subfield>
  </datafield>
  <datafield tag="700" ind1="1" ind2=" ">
    <subfield code="a">Esparza Torres, F&#xE9;lix</subfield>
    <subfield code="e">asesor</subfield>
  </datafield>
  <datafield tag="856" ind1="4" ind2="1">
    <subfield code="u">http://10.13.5.2/tesis/sist114469.pdf</subfield>
    <subfield code="y">DESCARGAR PDF</subfield>
  </datafield>
  <datafield tag="901" ind1=" " ind2=" ">
    <subfield code="a">TESIS G377 2017</subfield>
  </datafield>
  <datafield tag="902" ind1=" " ind2=" ">
    <subfield code="a">M</subfield>
  </datafield>
  <datafield tag="905" ind1=" " ind2=" ">
    <subfield code="a">5232272017                          mx dnml8223123322spa16</subfield>
  </datafield>
  <datafield tag="942" ind1=" " ind2=" ">
    <subfield code="c">TESIS</subfield>
    <subfield code="2">Clasificaci&#xF3;n Universidad Aut&#xF3;noma Chapingo</subfield>
  </datafield>
  <datafield tag="999" ind1=" " ind2=" ">
    <subfield code="c">209691</subfield>
    <subfield code="d">209691</subfield>
  </datafield>
  <datafield tag="952" ind1=" " ind2=" ">
    <subfield code="0">0</subfield>
    <subfield code="1">0</subfield>
    <subfield code="2">local</subfield>
    <subfield code="4">0</subfield>
    <subfield code="5">1</subfield>
    <subfield code="7">0</subfield>
    <subfield code="8">TESIS</subfield>
    <subfield code="a">IA_</subfield>
    <subfield code="b">IA_</subfield>
    <subfield code="d">2022-06-01</subfield>
    <subfield code="e">El autor</subfield>
    <subfield code="l">0</subfield>
    <subfield code="o">Tesis G377 2017</subfield>
    <subfield code="p">1101011181</subfield>
    <subfield code="r">2022-06-01 00:00:00</subfield>
    <subfield code="t">Ej. 2</subfield>
    <subfield code="w">2022-06-01</subfield>
    <subfield code="y">CD</subfield>
  </datafield>
  <datafield tag="952" ind1=" " ind2=" ">
    <subfield code="0">0</subfield>
    <subfield code="1">0</subfield>
    <subfield code="2">local</subfield>
    <subfield code="4">0</subfield>
    <subfield code="5">1</subfield>
    <subfield code="7">0</subfield>
    <subfield code="8">TESIS</subfield>
    <subfield code="a">IA_</subfield>
    <subfield code="b">IA_</subfield>
    <subfield code="d">2022-06-01</subfield>
    <subfield code="e">El autor</subfield>
    <subfield code="l">0</subfield>
    <subfield code="o">Tesis G377 2017</subfield>
    <subfield code="p">1101011180</subfield>
    <subfield code="r">2026-02-02 00:00:00</subfield>
    <subfield code="t">Ej. 1</subfield>
    <subfield code="w">2022-06-01</subfield>
    <subfield code="y">TESIS</subfield>
  </datafield>
  <datafield tag="952" ind1=" " ind2=" ">
    <subfield code="0">0</subfield>
    <subfield code="1">0</subfield>
    <subfield code="2">local</subfield>
    <subfield code="4">0</subfield>
    <subfield code="7">0</subfield>
    <subfield code="8">TesDigL</subfield>
    <subfield code="a">IA_</subfield>
    <subfield code="b">IA_</subfield>
    <subfield code="c">E_L</subfield>
    <subfield code="d">2024-07-19</subfield>
    <subfield code="e">El autor</subfield>
    <subfield code="l">0</subfield>
    <subfield code="p">1201011180</subfield>
    <subfield code="r">2024-07-19 00:00:00</subfield>
    <subfield code="w">2024-07-19</subfield>
    <subfield code="y">TD</subfield>
  </datafield>
</record>
